000 00389nam a2200097Ia 4500
008 240331s9999 xx 000 0 und d
082 _bDIR
100 _aIRED. ed
245 2 _aA Directory :
_bforeign NGOs with direct programme implementation, foreign donors, foreign support service agencies, national NGOs with foreign initiative, international/regional NGO networks in Sri Lanka
942 _cL
999 _c3263
_d3263